Loading...
Arts - Painting | 0 | 2 | 0 | 0 | 20 | 105 | 109.00 | 0 | 2 |
Literature - British Lit | 0 | 2 | 0 | 0 | 20 | 120 | 124.00 | 0 | 1 |
Other - Pop Culture | 1 | 0 | 0 | 0 | 15 | 65 | 65.00 | 0 | 1 |
History - World History | 1 | 0 | 0 | 0 | 15 | 73 | 73.00 | 1 | 1 |
Other - Geo/CE | 1 | 0 | 0 | 0 | 15 | 54 | 54.00 | 0 | 1 |
Thought - Philosophy | 0 | 1 | 0 | 0 | 10 | 96 | 96.00 | 0 | 1 |
Beliefs - Mythology | 0 | 1 | 0 | 0 | 10 | 108 | 108.00 | 0 | 1 |
History - American History | 0 | 1 | 0 | 0 | 10 | 95 | 95.00 | 0 | 0 |
History - Euro History | 0 | 1 | 0 | 0 | 10 | 116 | 116.00 | 0 | 1 |
History - Other History | 0 | 1 | 0 | 1 | 10 | 129 | 129.00 | 0 | 1 |
Science - Engineering | 0 | 1 | 0 | 0 | 10 | 115 | 115.00 | 0 | 1 |
Arts - Other Arts | 0 | 1 | 0 | 0 | 10 | 118 | 118.00 | 0 | 1 |
Science - Biology | 0 | 1 | 0 | 0 | 10 | 110 | 110.00 | 0 | 1 |
Beliefs - Religion | 0 | 1 | 1 | 0 | 5 | 105 | 105.00 | 0 | 1 |
Other - Other Academic | 0 | 0 | 1 | 0 | -5 | 0.00 | 0 | 0 |